000 00730nam a2200181Ia 4500
005 20250423095611.0
008 250422s9999 xx 000 0 und d
020 _a9781119221845
050 _aTC 1665 .C45/
100 _aChandrasekaran, Srinivasan
245 0 _aHealth, safety, and environmental management in offshore and petroleum engineering
260 _aChichester
260 _bWiley
260 _c2016
300 _a236 p
650 _aOffshore structures--Safety measures. Offshore structures--Risk assessment. Petroleum engineering--Safety measures. Petroleum engineering--Risk assessment. Petroleum in submerged lands--Environmental aspects. Natural gas in submerged lands--Environmental aspects.
942 _cBK
999 _c30763
_d30763